MLS Cup Droughts - Statistics

General Stats
  • This quiz has been taken 8 times
  • The average score is 12 of 29
Answer Stats
Last Win Last Appearance Team Name % Correct
2023 2023 Columbus Crew
67%
2004 2004 D.C. United
67%
Never (ent. 1996) 2024 New York Red Bulls
67%
2017 2019 Toronto FC
67%
Never (ent. 2012) Never CF Montreal
50%
1998 2003 Chicago Fire
50%
2010 2010 Colorado Rapids
50%
2007 2012 Houston Dynamo
50%
Never (ent. 1996) 2014 New England Revolution
50%
2015 2021 Portland Timbers
50%
2009 2013 Real Salt Lake
50%
2019 2020 Seattle Sounders FC
50%
2018 2018 Atlanta United FC
33%
Never (ent. 2021) Never Austin FC
33%
Never (ent. 2022) Never Charlotte FC
33%
Never (ent. 2019) Never FC Cincinnati
33%
Never (ent. 1996) 2010 FC Dallas
33%
Never (ent. 2020) Never Inter Miami CF
33%
2024 2024 LA Galaxy
33%
2022 2023 Los Angeles FC
33%
Never (ent. 2017) Never Minnesota United FC
33%
Never (ent. 2020) Never Nashville SC
33%
2021 2021 New York City FC
33%
Never (ent. 2015) Never Orlando City SC
33%
2003 2003 San Jose Earthquakes
33%
2013 2013 Sporting Kansas City
33%
Never (ent. 2023) Never St. Louis City SC
33%
Never (ent. 2011) Never Vancouver Whitecaps FC
33%
Never (ent. 2010) 2022 Philadelphia Union
17%
No matching quizzes found
Score Distribution
Percent of People with Each Score
Percentile by Number Answered
Your Score History
You have not taken this quiz